000 01813cam a2200349 a 4500
005 20031230185550.0
008 940308s1993 enkab b 001 0 eng
010 _aENG-101607 B-427734-737
020 _c495.00
_a9788120340336
035 _aEN-85140
035 _aB-427734-737
037 _bDBAD/PUB
037 _bAllied Pub./VEN
040 _adpl
_bEng
082 _a572.8
100 1 _922405
_aMahabal Ram
245 1 0 _aFundamentals of cytogenetics and genetics /
_cby Mahabal Ram
260 _aNew Delhi
_bPHI Learning
_c2010
270 _aM-97, Connaught Circus,
_bNew Delhi
_e110001
300 _axxix,653p.
_c24cm (pbk)
500 _aIncludes index
650 0 _922448
651 _922481
700 _922431
942 _2ddc
_cEN
_mMAH
_h572.8
999 _c48166
_d48166